Nový zákon o miestnych daniach

Pokračovanie príspevku o miestnych daniach. Miestny poplatok za komunálne odpady a drobné stavebné odpady. Praktické príklady.

Salvato in:
Dettagli Bibliografici
Autore principale: Hečková, Radka
Altri autori: Vargová, Mária
Natura: Capitolo di libro
Lingua:slovacco
Soggetti:
Tags: Aggiungi Tag
Nessun Tag, puoi essere il primo ad aggiungerne!!

MARC

LEADER 00000naa$a2200000$$$4500
001 0030537
005 20231109113514.6
041 0 |a slo 
044 |a SK 
245 1 0 |a Nový zákon o miestnych daniach  |c Radka Hečková, Mária Vargová 
520 |a Pokračovanie príspevku o miestnych daniach. Miestny poplatok za komunálne odpady a drobné stavebné odpady. Praktické príklady. 
610 2 0 |a dane miestne 
610 2 0 |a poplatky miestne 
610 2 0 |a odpad komunálny 
610 2 0 |a stavebníctvo 
610 2 0 |a povinnosť daňová 
100 1 |a Hečková, Radka 
700 1 |a Vargová, Mária